01018nam a2200289 i 4500003000900000005001700009006001900026007000300045008004100048020001800089040003000107082001400137100004500151245006700196246002300263264004600286300002700332336002600359337003200385338002800417490001900445500008300464590002700547942001400574952012300588999001700711DO-SdBNP20230601153712.0a||||er|||| 00| 0 ta230601e2022 dr ||||| |||| 00| p spa d a9788426705852 aDO-SdBNPbspacBNPHUerda 4222bL579c1 976923aLeón Silverio, Oscar de,d1953-10aCarta a Bruno y latir de la muerte./cOscar de León Silverio13aLatir de la muerte 1a[Santo Domingo] :b[sin editorial],c2022 a104 páginas ;c22 cm 2rdacontenatextobtxt 2rdamediaasin mediciónbn 2rdacarrieravolumenbnc aPrimavera 2020 aIncluye datos biográficos del autor en la página 1 y en la contracubierta. aInventariado 2023 / MF 2ddccLBS1 00102ddc51708PDaBNPHUbBNPHUcCTd2022-07-25eDepósito legall0oL579cp2023-2168r2023-06-01w2023-06-01yLBS1 c53689d53689